[Event "Beijing zt 3.3"]
[Site "Beijing"]
[Date "2005.10.20"]
[Round "1"]
[White "Wang, Rui"]
[Black "Wu, Wenjin"]
[Result "1-0"]
[WhiteElo "2474"]
[BlackElo "2523"]
[Annotator "Ftacnik,L"]
[PlyCount "57"]
[EventDate "2005.10.20"]
[EventType "tourn"]
[EventRounds "9"]
[EventCountry "CHN"]
[EventCategory "10"]
[SourceTitle "CBM 110"]
[Source "ChessBase"]
[SourceDate "2006.01.31"]
[SourceVersion "1"]
[SourceVersionDate "2006.01.31"]
[SourceQuality "1"]

1. d4 Nf6 2. c4 e6 3. Nf3 Bb4+ 4. Bd2 Qe7 5. g3 Ne4 6. Bg2 Nxd2 7. Nbxd2 O-O 8.
O-O Qd8 9. c5 Bxd2 10. Nxd2 (10. Qxd2 d5 11. Rac1 Bd7 12. Rfd1 Be8 13. e4 dxe4
14. Ng5 Bc6 15. Nxe4 Nd7 16. Nc3 Bxg2 17. Kxg2 Nf6 18. d5 exd5 19. Nxd5 Nxd5
20. Qxd5 Qxd5+ 21. Rxd5 Rfd8 22. Rcd1 Rxd5 23. Rxd5 Kf8 {1/2-1/2 Peelen,
P-Peter,T/Gelsenkirchen 2000/ (58)}) 10... Nc6 (10... d5 11. cxd6 cxd6 12. e3
$14) 11. Nc4 Rb8 (11... d5 12. cxd6 cxd6 13. d5 exd5 14. Bxd5 $14) 12. Rc1 Re8
$2 {[%mdl 32] Wu Wenjin in not sensing the danger in the position. Delaying
the opening of the position will leave him with extremely passive pieces.} (
12... b5 13. Ne5 Nxe5 14. dxe5 f6 15. c6 dxc6 16. Qc2 fxe5 17. Be4 h6 18. Qxc6
$14) (12... b6 13. Bxc6 dxc6 14. Ne5 Bb7 15. b4 f6 16. Nf3 Qd5 17. Qc2 $14) 13.
Qd2 h6 (13... b5 14. cxb6 axb6 15. Bxc6 dxc6 16. Ne5 Bb7 17. Nxc6 Bxc6 18. Rxc6
$16) 14. Rfd1 Ne7 (14... d6 15. cxd6 cxd6 16. Bxc6 bxc6 17. Qf4 $16) 15. Qa5
Ra8 (15... Nc6 16. Bxc6 bxc6 17. Qxa7 $16) 16. Qa3 f5 (16... Nc6 17. e4 e5 18.
dxe5 Nxe5 19. Nxe5 Rxe5 20. f4 $16) 17. Rc2 Rf8 18. Rcd2 Nd5 (18... f4 19. gxf4
Rxf4 20. Qg3 Rf6 21. e4 $16) 19. f4 a5 20. e4 $1 {Wang Rui understands, that
he can benefit most from his space advantage by speedy obtaining access to the
enemy king.} fxe4 21. Bxe4 g5 $2 (21... Nf6 22. Bf3 Ra6 23. Qd3 $16) 22. Rf1 $1
{Black has made the task easier by impatient move of the g pawn, now white's
attack will quickly become unbearable.} Ra6 (22... gxf4 23. Rg2 $1 f3 (23...
Kh8 24. Ne5 Ne7 25. Rxf4 $18) 24. Rgf2 Kg7 25. Bxd5 exd5 26. Rxf3 Rxf3 27. Qxf3
Qe8 28. Ne3 $18) 23. Rdf2 (23. Bxd5 exd5 24. Ne3 d6 25. Nxd5 Be6 26. Ne3 $16)
23... d6 (23... gxf4 24. gxf4 d6 25. Ne5 $5 dxe5 26. Rg2+ Kh8 27. Qh3 Rf6 28.
fxe5 Rxf1+ 29. Kxf1 Qf8+ 30. Rf2 Qg7 31. Bxd5 $18) 24. fxg5 Rxf2 25. Rxf2 Qxg5
(25... hxg5 26. Qf3 Qe7 27. Qh5 $18) 26. Qf3 Qe7 (26... Qg7 27. Bxd5 exd5 28.
Qxd5+ Kh8 29. cxd6 cxd6 30. Rf7 $18) 27. Qh5 $1 {Please note the unfortunate
fate of black rooks in this game.} Bd7 28. Qxh6 Qg7 (28... Ra8 29. Rf5 $1 exf5
30. Bxd5+ $18) 29. Bh7+ (29. Bh7+ Kh8 30. Rf8+ Qxf8 31. Qxf8+ Kxh7 32. Qf7+ $18
) 1-0

[Event "Reggio Emilia 9596 38th"]
[Site "Reggio Emilia"]
[Date "1996.01.04"]
[Round "7"]
[White "Razuvaev, Yuri S"]
[Black "Epishin, Vladimir"]
[Result "1-0"]
[WhiteElo "2585"]
[BlackElo "2640"]
[Annotator "Ftacnik,L"]
[PlyCount "134"]
[EventDate "1995.12.28"]
[EventType "tourn"]
[EventRounds "9"]
[EventCountry "ITA"]
[EventCategory "14"]
[SourceTitle "CBM 051"]
[Source "ChessBase"]
[SourceDate "1996.04.01"]
[SourceVersion "1"]
[SourceVersionDate "1996.04.01"]
[SourceQuality "1"]

1. d4 {Hecht} Nf6 2. c4 e6 3. g3 Bb4+ 4. Bd2 c5 5. Bxb4 cxb4 6. Bg2 O-O 7. Nf3
d6 8. O-O Re8 9. Qb3 (9. Qd3) (9. a3) 9... Qb6 {Modern concepts in the opening
lead sometimes to special positional features. Black has to support his b4P,
which limits the scope of the Nb1.} (9... Nc6 10. d5 $1 Na5 11. Qxb4 exd5 12.
cxd5 Nxd5 13. Qd2 Nf6 $6 (13... Be6 14. Na3 Qb6 15. Nd4 Nf6 16. e3 $14) 14. Nc3
Nc4 15. Qd4 d5 16. b3 Na5 17. Rfd1 Nc6 18. Qc5 Be6 19. Nd4 Rc8 20. Nxc6 Rxc6
21. Qd4 $16 {1-0 Farago,I-Gostisa,L/Portoroz Vidmar/1993/ (45)}) (9... a5 10.
a3 (10. Nbd2 Nc6 11. Rfd1 Qe7 12. e3 e5 13. Qc2 e4 14. Ng5 Bf5 15. Nh3 a4 16.
Rdc1 Ra5 17. Nf4 h6 18. Nd5 Nxd5 19. cxd5 Rxd5 20. Qxa4 Ra5 21. Qb3 Be6 22. Qd1
Bd5 23. a3 {0-1 Ilic,Z-Kosten,A/Cannes op/1989/ (54)}) 10... Nc6 (10... bxa3
11. bxa3 a4 12. Qd3 Qa5 13. Nc3 e5 14. e4 exd4 15. Nxd4 Nc6 16. Ndb5 Ne5 17.
Qxd6 Nxc4 18. Qc7 Be6 19. e5 Ng4 20. Qxa5 Rxa5 21. Nc7 Rc8 22. Nxe6 fxe6 23.
Bxb7 {1-0 Burger,K-Scheiner/Philadelphia World op (03)/1989/ (36)}) (10... Na6
11. axb4 (11. Nbd2 $14) 11... axb4 (11... Nxb4 12. Rd1 Rb8 13. Nc3 b6 14. e4
Bb7 15. Ne1 Qe7 16. Nc2 Nxc2 17. Qxc2 e5 18. Rd2 Rec8 19. b3 b5 20. Nxb5 Bxe4
21. Bxe4 Rxb5 22. Bf5 {1/2-1/2 Pein,M-Farago,S/Budapest Perenyi-B/1989/ (40)})
12. Nbd2 e5 13. dxe5 dxe5 14. Rfd1 Qb6 15. Ng5 Nc5 16. Qe3 Rxa1 17. Rxa1 Ng4
18. Qf3 Qg6 19. Nde4 Nxe4 20. Nxe4 f5 21. Nc5 e4 22. Qf4 Qc6 {Kretz,J-Lindberg,
B/Rilton Cup (02)/1992/0-1 (60)}) 11. d5 exd5 12. cxd5 Ne7 13. Nd4 a4 14. Qxb4
(14. Qc4 $5) 14... Nexd5 15. Qc4 $14) 10. Nbd2 Nc6 11. Rfd1 (11. e3 Na5 12. Qd3
Bd7 13. Rfc1 e5 14. c5 Qd8 15. e4 exd4 16. cxd6 Bg4 17. Qxd4 Nc6 18. Rxc6 bxc6
19. e5 Bxf3 20. Bxf3 Nd7 21. Nc4 $16 {Brenninkmeijer-Klaren/NLD-ch/1992}) 11...
Bd7 (11... Nxd4 12. Nxd4 Qxd4 13. Ne4 Qe5 14. Nxd6 Rd8 15. Nxb7 Bxb7 16. Bxb7
$16) 12. Rac1 Na5 13. Qd3 Rac8 14. b3 {White can claim somewhat healthier pawn
structure.} Qc7 (14... Nc6 15. Ne4 $14) 15. Qb1 e5 (15... b5 16. cxb5 Qb8 17.
Nc4 d5 18. Nxa5 Qxb5 19. Nc4 dxc4 20. bxc4 Rxc4 21. e4 $14) 16. dxe5 dxe5 17.
Ng5 Bc6 (17... h6 18. Nge4 Nxe4 19. Nxe4 $14) 18. Bd5 $1 Bxd5 (18... Re7 19.
Nde4 Nxe4 20. Qxe4 g6 21. Qh4 h5 22. g4 $16) 19. cxd5 Qe7 20. Rxc8 Rxc8 21. d6
Qd8 (21... Qxd6 $2 22. Nde4 Qe7 23. Nxf6+ Qxf6 24. Qxh7+ Kf8 25. Qh8+ Ke7 26.
Qxc8 $18) 22. Qf5 h6 23. Nge4 {In effect white has d6P for black's b4P and the
difference becomes more striking with every move.} Nd7 (23... Nxe4 24. Nxe4 Nc6
25. e3 $16) 24. Nf3 Qe8 25. Nxe5 $1 Nxe5 (25... Qxe5 26. Qxd7 Re8 27. Qc7 Nc6 (
27... Qxe4 $2 28. d7 $18) 28. d7 Rd8 29. Qxe5 Nxe5 30. Rd5 Nc6 31. Nc5 Nb8 32.
Nxb7 Rxd7 33. Rxd7 Nxd7 34. Nd6 $18) 26. d7 Nxd7 27. Rxd7 Rd8 28. Rc7 Nc6 29.
e3 Ne7 (29... Ne5 30. Rxb7 $16) 30. Qe5 Nd5 31. Qxe8+ Rxe8 {Hecht: TS-TS:
Abwicklung in TS-TS mit 4-3 Bauern am K-Flügel} 32. Rd7 {The defender has
managed to avoid the worst, but the endgame is very difficult for him.} Re5 (
32... Rxe4 33. Rxd5 Re7 34. Rb5 $16) 33. Nd6 Nc3 34. Rxb7 (34. Nxf7 Ra5 35. Nd8
Rxa2 36. Ne6 g5 37. Rxb7 $16) 34... a5 (34... Nxa2 35. Nxf7 $18) 35. Nc4 (35.
Nxf7 Rd5 $1) 35... Rc5 36. a4 bxa3 (36... Nxa4 37. Ra7 Nc3 38. Rxa5 Rxa5 39.
Nxa5 $16) 37. Nxa3 Ne4 38. Ra7 Rc3 39. Rxa5 Rxb3 40. Nc4 Rc3 41. Ne5 f6 (41...
Rc1+ 42. Kg2 Rc2 43. Ng4) 42. Ng4 Rc4 43. h3 $1 {Despite it's simplicity the
position is not quite drawish yet. The N on the board promise white additional
chances.} Ng5 44. Kg2 h5 45. Nh2 h4 (45... Kf7 $2 46. h4 Ne4 47. Rxh5 $18) 46.
g4 (46. Ng4 hxg3 $14) 46... Rc2 47. Ra4 Kf7 48. Nf1 g6 49. Rd4 Ke6 50. Rd2 Rc1
(50... Rxd2 51. Nxd2 Nf7 (51... f5 52. f4 Nf7 53. g5 $18) 52. f4 g5 53. Nf3 $16
) 51. Nh2 Ra1 52. Rb2 Kf7 53. f4 Ne4 54. Nf3 g5 55. Nd4 Nd6 56. Rc2 Re1 57.
fxg5 fxg5 (57... Rxe3 58. Nf3 Ne4 59. gxf6 Kxf6 60. Nxh4 $18) 58. Nf3 Rxe3 59.
Nxg5+ Ke8 60. Kf2 Ra3 (60... Re7 61. Re2 $1 $18) 61. Re2+ Kd7 62. Nf3 Nf7 63.
Kg2 Kd6 (63... Kd8 64. Rf2 Ke8 65. Nxh4 Ng5 66. Nf3 $18) 64. Nxh4 Ng5 65. Nf5+
Kd5 66. h4 Ne4 67. Ne3+ Ke6 1-0

[Event "Olympiad-32"]
[Site "Yerevan"]
[Date "1996.09.20"]
[Round "5.1"]
[White "Lautier, Joel"]
[Black "Bologan, Viktor"]
[Result "1-0"]
[WhiteElo "2620"]
[BlackElo "2600"]
[Annotator "Ftacnik,L"]
[PlyCount "59"]
[EventDate "1996.09.15"]
[EventType "team-swiss"]
[EventRounds "14"]
[EventCountry "ARM"]
[SourceTitle "CBM 055"]
[Source "ChessBase"]
[SourceDate "1996.12.01"]
[SourceVersion "1"]
[SourceVersionDate "1996.12.01"]
[SourceQuality "1"]
[WhiteTeam "France"]
[BlackTeam "Moldova"]
[WhiteTeamCountry "FRA"]
[BlackTeamCountry "MDA"]

1. d4 Nf6 2. c4 Nc6 3. Nf3 e6 4. g3 Bb4+ 5. Bd2 Qe7 6. Bg2 Bxd2+ 7. Nbxd2 d6 8.
O-O O-O 9. e4 a5 10. d5 Nb8 11. dxe6 Bxe6 12. Nd4 (12. Rc1 c6 13. Re1 Na6 14.
Nf1 Bg4 15. Qc2 Nb4 16. Qb1 Bxf3 17. Bxf3 a4 18. Ne3 g6 19. Rcd1 Nd7 20. Nc2
Nxc2 21. Qxc2 Nc5 22. Qc3 Qe5 {Calinescu,G-Hansen,LB/EUchJ Arnhem (02)/1987/
0-1 (56)}) (12. Qc2 Nc6 13. Rae1 Nd7 14. Nh4 Qf6 15. Re3 a4 16. h3 Ra5 17. Kh2
Qd4 {1/2-1/2 Janjgava,L-Burgess,M/Oakham/1988 (30)}) 12... Nc6 (12... Nbd7 13.
Re1 Nc5 14. Qc2 c6 15. Nf1 Rfe8 16. Rad1 Qc7 17. Ne3 a4 18. Ndf5 Bxf5 19. Nxf5
Re6 20. Qc3 Rae8 21. f3 d5 {1/2-1/2 Haik,A-Sharif,Me/Cannes/1987 (29)}) 13.
Nxc6 (13. Nb5 Ne5 14. Qe2 $14 {Hort,V-Rogers,I/Biel/1986/}) 13... bxc6 14. Qa4
Rfb8 15. Qa3 $1 (15. b3 Bd7 $14) 15... Nd7 16. f4 Qf6 $2 (16... f6 17. Rae1 $14
) 17. e5 $1 dxe5 (17... Qf5 18. Bxc6 Ra6 19. Be4 Qg4 20. f5 Bxc4 21. Rf4 Qe2
22. Nxc4 Qxc4 23. Bd3 $18) 18. f5 $1 (18. Bxc6 Bxc4 $1 19. Bxd7 (19. Nxc4 Qxc6
20. Nxe5 Nxe5 21. fxe5 $10) 19... Bxf1 20. Rxf1 exf4 $15) 18... Bxf5 19. g4 e4
(19... Qg5 20. gxf5 Qxd2 21. Rad1 Qc2 (21... Qxb2 22. Qxb2 Rxb2 23. Rxd7 Rxa2
24. Bxc6 $18) 22. Rxd7 Rxb2 23. Qf3 Qxc4 24. Qxc6 $16) 20. Qe3 $1 (20. gxf5
Qd4+ 21. Kh1 Rxb2 $1 (21... Qxd2 22. Rfd1 Qf2 23. Rxd7 Rxb2 24. Rg1 $16) 22.
Nb3 (22. Nxe4 Rxg2 $17) 22... Qe5 23. Rae1 Nf6 24. Qc5 Re8 $14) 20... Qxb2 21.
gxf5 Nf6 (21... Ne5 22. Qxe4 Re8 23. Nf3 $16) 22. Nxe4 Ng4 23. Qg5 $1 h5 (23...
Qd4+ 24. Kh1 Ne3 25. f6 g6 26. Qh6 Nf5 27. Rxf5 Qxa1+ 28. Rf1 $18) 24. f6 g6
25. h3 Qd4+ (25... Qe2 26. hxg4 Rb2 27. Rf2 $18) 26. Kh1 Rb2 (26... Ne3 27. Qh6
Nf5 28. Rxf5 Qxa1+ 29. Rf1 $18) 27. hxg4 Rxg2 28. Qh6 $1 Rg1+ (28... Rh2+ 29.
Kxh2 Qe5+ 30. Ng3 $18) 29. Rxg1 Qxe4+ 30. Rg2 1-0

[Event "RUS-chT 14th"]
[Site "Sochi"]
[Date "2007.05.03"]
[Round "2"]
[White "Gelfand, Boris"]
[Black "Bocharov, Dmitry"]
[Result "1-0"]
[WhiteElo "2733"]
[BlackElo "2614"]
[Annotator "Ftacnik,L"]
[PlyCount "55"]
[EventDate "2007.05.02"]
[EventType "team-tourn"]
[EventRounds "9"]
[EventCountry "RUS"]
[SourceTitle "EXT 2020"]
[Source "ChessBase"]
[SourceDate "2019.10.17"]
[SourceVersion "1"]
[SourceVersionDate "2019.10.17"]
[SourceQuality "1"]
[WhiteTeam "Cheboksary Elara"]
[BlackTeam "Nizhny Tagil Politekhnik"]
[WhiteTeamCountry "RUS"]
[BlackTeamCountry "RUS"]

1. d4 Nf6 2. c4 e6 3. Nf3 Bb4+ 4. Nbd2 O-O 5. a3 Be7 6. e4 d5 7. Qc2 c5 8. dxc5
dxe4 {Black is rushing to open up the position and speed up the conflict as
his king is already safely at home.} 9. Nxe4 Nxe4 10. Qxe4 Nc6 11. Bf4 $5 {
[%mdl 4] Gelfand has prepared a very intriguing idea for taking over the
initiative even at the cost of sacrificing the f2-pawn.} (11. Be2 f5 12. Qe3
Qc7 13. Bd2 e5 14. Bc3 Bf6 15. Rd1 Be6 16. O-O Rae8 17. b4 Kh8 18. Qd2 e4 19.
Nd4 Nxd4 20. Bxd4 Rd8 21. Qe3 Rxd4 22. Rxd4 Bxd4 23. Qxd4 Rd8 24. Qc3 $14 {
0-1 Wegner,H (2350)-Gruen,P (2375)/Germany 1989/ (55)}) (11. b4 $6 f5 12. Qe3
Bf6 13. Ra2 e5 $15) 11... Bxc5 $6 (11... f5 $5 12. Qe3 Qa5+ 13. Qd2 Qxd2+ 14.
Bxd2 e5 $11) (11... Qa5+ 12. b4 Qa4 13. Qb1 Rd8 14. Bd2 $14) 12. Rd1 $1 (12. b4
f5 $1 13. Qe2 Nd4 14. Qd3 Qf6 15. Rd1 e5 16. bxc5 Nxf3+ 17. Qxf3 exf4 18. Be2
$11) 12... Qb6 (12... Bxf2+ 13. Ke2 (13. Kxf2 $2 Qxd1 14. Bd3 f5 $1 $17) 13...
f5 (13... Qb6 14. b4 $1) 14. Rxd8 fxe4 15. Rxf8+ Kxf8 16. Kxf2 exf3 17. Bd6+ $1
Kf7 18. Kxf3 $16) 13. b4 $1 {Brave, but at the same time very dangerous for
Black. The bishop on f2 is trapped and saving it will cost Bocharov dearly.} (
13. Qc2 $2 e5 14. Bg3 Re8 $17) 13... Bxf2+ 14. Ke2 f5 (14... e5 15. c5 Qc7 16.
Nxe5 Bh4 17. Nd7 $5 Qd8 18. Nxf8 Bg4+ 19. Ke3 Qxf8 (19... Qxd1 20. Qxh7+ Kxf8
21. Qh8+ Ke7 22. Qxh4+ Kd7 23. Kf2 Re8 24. Bb5 $14) 20. Bd6 Qe8 21. Rd5 $16)
15. Qc2 e5 $6 (15... Nd4+ 16. Nxd4 Bxd4 17. c5 Qb5+ $1 (17... Qd8 $2 18. Qc4
$18) 18. Ke1 Qe8 19. Rxd4 e5 20. Bb5 $1 (20. Bc4+ Kh8 21. Rd3 exf4+ 22. Kf2 Qe7
23. Re1 $14) 20... Qxb5 (20... Qe7 $2 21. Qe2 $18) 21. Qb3+ $1 Kh8 22. Bxe5 Qe8
(22... Re8 $2 23. Qg3 $18) 23. Qg3 Qf7 24. h4 $16) 16. c5 Qc7 (16... Bxc5 17.
bxc5 Qc7 18. Qb3+ Kh8 (18... Rf7 19. Kf2 exf4 20. Bc4 h6 21. Rhe1 Kf8 22. Ng5
$1 $18) 19. Nxe5 $1 Nxe5 20. Qe3 $1 Qf7 (20... Re8 21. Rd5 $1 $18) 21. Bxe5 f4
22. Qd4 Bg4+ 23. Kf2 Bxd1 24. Bc4 Qg6 25. Rxd1 $18) 17. Kxf2 exf4 18. Bc4+ Kh8
19. Qc3 $5 {This fine move is proof, that even strong players have problems
resisting a beautiful idea! Gelfand has spotted the chance to mate his
adversary along the h-file..} (19. Rhe1 b6 20. Bd5 Rb8 21. Qc3 $16) 19... Bd7 (
19... Rd8 20. Ne5 $1 h6 (20... Rxd1 21. Ng6+ $1 hxg6 22. Qh3#) 21. Rxd8+ Nxd8
22. Ng6+ Kh7 23. Nf8+ Kh8 24. Re1 $18) 20. Rhe1 (20. Rd6 Rae8 21. Re1 $16) (20.
Ng5 $6 Qe5 21. Qh3 Qe3+ 22. Qxe3 fxe3+ 23. Kxe3 Rae8+ 24. Kf4 $14) 20... Rae8
21. Rd6 $1 Rxe1 (21... Bc8 22. Ng5 Rxe1 23. Rh6 $1 $18) 22. Qxe1 Rf6 $2 {
Black has an extra pawn and a heavy burden of saving the worse position. The
desire to exchange the mighty rook on d6 is understandable, but objectively
does not represent the strongest defence.} (22... h6 $2 23. Qc3 $1 Kh7 24. Ng5+
hxg5 25. Qh3#) (22... Re8 $1 23. Qd2 Bc8 24. Qxf4 Re4 25. Qc1 $16) 23. Ng5 h6 (
23... Rxd6 24. Nf7+ Kg8 25. Nxd6+ Kf8 26. Qd2 (26. Qd1 Qd8 $1 27. Nxb7 Qe7)
26... Qd8 27. Qxf4 Qf6 28. Nxb7 $16) 24. Nf7+ Kh7 (24... Kg8 25. Rxf6 gxf6 26.
Qc3 $18) 25. Rxf6 gxf6 26. Qd1 Qc8 (26... b5 27. Bxb5 Nxb4 28. Qd6 Qxd6 29.
Nxd6 Nc6 30. Bxc6 Bxc6 31. Nc8 a6 32. Ne7 $18) 27. Qd6 (27. Qh5 Qf8 28. Qf3 $16
) 27... Kg6 $2 {Burdened by the difficult defence Black makes the losing
blunder.} (27... Qe8 $1 28. Qxf4 Qf8 29. Qd2 Be8 30. Nd6 $16) (27... Kg7 28.
Qxf4 Be6 29. Nd6 Qd7 30. Bxe6 Qxe6 31. Nxf5+ $18) 28. b5 $1 (28. b5 Qe8 (28...
Na5 29. Ne5+ Kg5 30. h4+ $18) 29. Qxf4 Qf8 30. bxc6 $18) 1-0

[Event "EU-ch 6th"]
[Site "Warsaw"]
[Date "2005.06.28"]
[Round "10"]
[White "Eljanov, Pavel"]
[Black "Bocharov, Dmitry"]
[Result "1-0"]
[WhiteElo "2641"]
[BlackElo "2574"]
[Annotator "Ftacnik,L"]
[PlyCount "53"]
[EventDate "2005.06.18"]
[EventType "swiss"]
[EventRounds "13"]
[EventCountry "POL"]
[SourceTitle "CBM 108"]
[Source "ChessBase"]
[SourceDate "2005.09.26"]
[SourceVersion "1"]
[SourceVersionDate "2005.09.26"]
[SourceQuality "1"]

1. d4 Nf6 2. c4 e6 3. Nf3 Bb4+ 4. Nbd2 O-O 5. a3 Be7 6. e4 d5 7. e5 Nfd7 8. b4
a5 9. b5 c5 10. Bb2 Nb6 {White pawns on b5 and e5 are cramping black' position,
his main limitation is space.} 11. dxc5 Bxc5 12. Qc2 N8d7 13. Bd3 h6 14. O-O
dxc4 {Bocharov is afraid of waiting game and prepares the freeing of his
forces.} (14... Qe7 15. cxd5 Nxd5 16. Qa4 b6 17. Qe4 $14) 15. Nxc4 Nd5 16. Nfd2
Be7 (16... Qh4 17. Ne4 Be7 18. Ncd6 $16) 17. Ne4 Nc5 (17... N7b6 18. Rfd1 Nxc4
19. Bxc4 Qc7 20. Rac1 $16) 18. Nxc5 (18. Ned6 Nxd3 19. Qxd3 Bg5 20. Rad1 $16)
18... Bxc5 19. Nxa5 $1 {Eljanov has spotted the weak aspect of the black's
concept. The defender is now forced to part with his darksquared bishop.} Bxf2+
(19... Ne3 $5 20. fxe3 Bxe3+ 21. Kh1 Qxa5 22. Rad1 Qa4 23. Bh7+ Kh8 24. Rxf7 $1
Qxc2 25. Bxc2 $18) 20. Rxf2 Rxa5 $6 (20... Qxa5 21. Bd4 (21. Qc4 Qa4 $14) 21...
Bd7 22. Qe2 Nc3 23. Qf3 Nxb5 24. Qe4 g6 25. Bb2 $16) 21. Qc4 b6 (21... Ne3 22.
Qe4 Nf5 23. g4 Qg5 24. Bc3 Ra8 25. h4 Qxh4 26. gxf5 $18) 22. Qe4 {[%mdl 128]
Black forces are ill prepared for the concentrated pressure of all white's
pieces against the kingside.} g6 (22... f5 23. exf6 Nxf6 24. Bxf6 Rxf6 25. Qh7+
Kf8 26. Qh8+ $18) 23. Raf1 Ne7 (23... Bd7 24. Rxf7 $1 Rxf7 25. Rxf7 Kxf7 26.
Qxg6+ Ke7 27. Qg7+ Ke8 28. Bg6#) 24. Bc1 Kg7 (24... Nf5 25. g4 Ng7 26. Bxh6
Rxa3 27. Bxg7 Kxg7 28. Rxf7+ $18) 25. Qe3 Ng8 (25... Kg8 26. Qh3 h5 27. Bh6 $18
) 26. Bxg6 $1 {Logical outcome as white clearly outnumbers black in firepower.}
Kxg6 (26... fxg6 27. Rxf8 $18) 27. Qg3+ 1-0

[Event "Bled/Rogaska Slatina"]
[Site "Bled"]
[Date "1991.??.??"]
[Round "1"]
[White "Vaganian, Rafael A"]
[Black "Grosar, Aljosa"]
[Result "1-0"]
[WhiteElo "2585"]
[BlackElo "2370"]
[Annotator "Ftacnik,L"]
[PlyCount "71"]
[EventDate "1991.06.??"]
[EventType "tourn"]
[EventRounds "13"]
[EventCountry "SLO"]
[EventCategory "12"]
[SourceTitle "CBM 024"]
[Source "ChessBase"]
[SourceDate "1991.10.01"]
[SourceVersion "1"]
[SourceVersionDate "1991.10.01"]
[SourceQuality "1"]

1. d4 Nf6 2. c4 e6 3. g3 Bb4+ 4. Bd2 c5 5. Bg2 Bxd2+ (5... Qb6) (5... Nc6 6.
Bxb4 cxb4) 6. Qxd2 cxd4 7. Nf3 d5 (7... O-O 8. Nxd4 d5 9. cxd5 Nxd5 10. Nc3
Nxc3 11. Qxc3 Qb6 12. O-O Bd7 13. Rfd1 Na6 14. Nf5 exf5 15. Rxd7 $14 {Denker,
A-Dizdar,G/New York op/1989/ ->CBM 12}) 8. cxd5 Qxd5 9. O-O O-O 10. Nxd4 Qh5
11. Rc1 $1 (11. Nf3 e5 12. Qg5 Nc6 13. Nc3 Bg4 14. Qxh5 Bxh5 15. h3 Bxf3 16.
Bxf3 Rfd8 17. Rfd1 $14 {Khalifman,A-Grosar,A/Bled-Rogaska Slatina/1991/ ->CBM
24}) 11... Nbd7 (11... Rd8 $2 12. Nxe6 $1 Rxd2 13. Rxc8+ $18) 12. Na3 Nb6 13.
Ndc2 e5 (13... Ng4 14. h3 Ne5 15. Ne3 $16) 14. Ne3 Ng4 15. Nxg4 Bxg4 16. Bxb7
Rab8 (16... Rad8 17. Qe3 Bxe2 18. Re1 Bg4 19. Qxe5 $16) 17. Ba6 Rbd8 18. Qe1
Rd6 19. f3 Bh3 (19... Rh6 20. Qf2 $16) 20. Bd3 f5 (20... Nd5 21. Nc4 Rh6 22.
Qf2 $16) 21. Nc4 Nxc4 22. Bxc4+ Kh8 23. Rd1 Rdf6 (23... Rg6 24. Bf7 $1 $18) 24.
Qa5 f4 25. Rd8 fxg3 26. hxg3 Qg5 27. Rxf8+ Rxf8 28. Kf2 h6 29. Rh1 $1 Bg4 30.
Rh4 Bf5 31. Qxe5 Qc1 32. b3 Bg6 33. Rg4 Re8 34. Qd4 Kh7 35. Bd3 Re6 36. Rxg6 $1
{Ftacnik,L} 1-0

[Event "Aars"]
[Site "Aars"]
[Date "1995.??.??"]
[Round "2"]
[White "Ivanov, Mikhail M"]
[Black "Larsen, Bent"]
[Result "0-1"]
[WhiteElo "2445"]
[BlackElo "2515"]
[Annotator "Ftacnik,L"]
[PlyCount "82"]
[EventDate "1995.10.??"]
[EventType "tourn"]
[EventRounds "9"]
[EventCountry "DEN"]
[EventCategory "9"]
[SourceTitle "CBM 050"]
[Source "ChessBase"]
[SourceDate "1996.02.01"]
[SourceVersion "1"]
[SourceVersionDate "1996.02.01"]
[SourceQuality "1"]

1. d4 {Giese Hecht Baburin} e6 2. c4 Bb4+ 3. Nd2 d5 4. Ngf3 Nf6 5. a3 Be7 6. g3
O-O 7. Bg2 a5 8. O-O (8. b3 c5 9. cxd5 exd5 10. Bb2 Nc6 11. O-O Bf5 12. dxc5
Bxc5 13. e3 Re8 14. Rc1 Ba7 15. Nb1 Bg4 16. h3 Bh5 17. Bxf6 Qxf6 18. Qxd5 {
Razuvaev,Y-Kosten,A/Jurmala/1987/1-0 (33)}) 8... Nbd7 9. Qc2 c5 10. cxd5 (10.
b3 b6 11. Bb2 Bb7 12. Rac1 a4 13. bxa4 Bc6 14. Rfe1 Bxa4 15. Qb1 cxd4 16. Nxd4
Nc5 17. cxd5 Nxd5 18. e4 Nf6 19. h3 Ra7 {Rufer,M-Sprotte,N/RLNS 8889/1989/0-1 
(32)}) 10... exd5 11. dxc5 (11. Rd1 Qb6 12. Nb1 cxd4 13. Nxd4 Bc5 14. Be3 Ng4
15. Nc3 Nxe3 16. fxe3 Nf6 17. Na4 Bxd4 18. Nxb6 Bxe3+ 19. Kh1 Bxb6 20. Qb3 Ra6
21. Bxd5 {Dorfman,J-Ungureanu,E/EU-chT Moscow (03)/1977/1-0 (58)}) 11... Nxc5
12. Nd4 Bd7 13. N2f3 Rc8 {Important part of the black's plan is the limitation
of the queenside play with the a7-a5. The Bd7 gives credibility to the hope,
that the weaknesses it caused will not be freely used by white.} 14. Be3 Ng4 (
14... Ba4 15. Qb1 Nb3 16. Nxb3 Bxb3 17. Rc1 $10) 15. Bd2 Bf6 16. Rac1 Ne4 17.
Qd3 Qb6 {Black has lot of play for his isolated d5P, but the following move
enables him to win a pawn with a smart combination.} 18. h3 $2 {Baburin:Black
was already better, with all his pieces being actively placed, but the text
simply allows Black (and provokes him!) to start the winnning combination. [#]}
(18. Rxc8 Rxc8 19. b3 $15) 18... Ngxf2 $1 {[%csl Rd4][%cal Gb6g1]} 19. Rxf2 (
19. Qb3 {Giese} Nxh3+ $19) 19... Nxd2 (19... Nxf2 $2 {Giese} 20. Kxf2 Rxc1 21.
Bxc1 Rc8 $44) 20. Qxd2 (20. Rxc8 Nxf3+ 21. Nxf3 Rxc8 $19 {[%csl Rb2][%cal
Gc8c1] -/+}) 20... Rxc1+ 21. Qxc1 Bxd4 22. Nxd4 Qxd4 23. Qc7 Bc6 24. Qxa5 Qxb2
{-/+/-+} 25. Qc5 (25. Kh2 Qd4 26. Rf3 Re8 $17) (25. Bxd5 {Hecht} b6 $19 {
[%csl Ra5,Rd5]}) 25... Qb3 26. Rf3 Qc4 27. Qxc4 $6 (27. Qe7 $17) 27... dxc4 28.
Rc3 Bxg2 29. Kxg2 {HechT: T - T Motive: T hinter Freibauer; leichter Gewinn
infolge der geschwächten weißen Bauernstruktur am K-Flügel (isolierter
e-Bauer!)} b5 30. Kf2 (30. a4 bxa4 31. Rxc4 Ra8 32. Rc2 a3 33. Ra2 f6 (33...
Kf8 {Hecht} 34. Kf3 Ke7 35. Ke4 Kd6 36. Kd4 Ra4+ 37. Kc3 Ke5 38. Kb3 Ra8 39.
Kc3 Ke4 40. Kd2 h5 $19 {Hech: Zugzwang, Felderschwäche e3}) 34. Kf3 Kf7 $19)
30... f6 31. Ke3 Rd8 32. Rc2 (32. a4 bxa4 33. Rxc4 Ra8 $19) 32... Kf7 33. Rb2
Rd5 34. a4 bxa4 35. Rb7+ Kg6 36. Ra7 Re5+ 37. Kf3 (37. Kd2 c3+ 38. Kxc3 (38.
Kd3 Rc5 39. Kc2 Rc4 $19) 38... Re3+ $19) (37. Kd4 Rxe2 38. Rxa4 c3 $19) 37...
c3 38. Rxa4 (38. Rc7 Ra5 39. Rxc3 a3 40. Rc1 a2 41. Ra1 Kf5 $19) 38... Rc5 39.
Ra1 c2 40. Rc1 Kf5 41. Ke3 Rc3+ (41... Rc3+ 42. Kf2 Ke4 {Hecht} 43. h4 h5 $19)
0-1